Globálna hospodárska kríza a kríza civilizácie

Aktuálne indikátory a ich pôsobenie pred nekontrolovateľným vývojom súčasnej spoločnosti. Prienik etiky v informačnej ekonomike. Implementácia podnikateľskej etiky.

Saved in:
Bibliographic Details
Main Author: Alexy, Július, 1926-2024
Format: Book Chapter
Language:Slovak
Subjects:
Tags: Add Tag
No Tags, Be the first to tag this record!

MARC

LEADER 00000naa$a2200000$$$4500
001 0112651
005 20240502072242.8
041 0 |a slo 
044 |a SK 
245 1 0 |a Globálna hospodárska kríza a kríza civilizácie  |c Július Alexy 
520 |a Aktuálne indikátory a ich pôsobenie pred nekontrolovateľným vývojom súčasnej spoločnosti. Prienik etiky v informačnej ekonomike. Implementácia podnikateľskej etiky. 
610 2 0 |a kríza hospodárska 
610 2 0 |a kríza 
610 2 0 |a civilizácia 
610 2 0 |a spoločnosť 
610 2 0 |a etika 
100 1 |a Alexy, Július, 1926-2024